Online
Catalog

English : (Record no. 20316)

MARC details
000 -CABECERA
campo de control de longitud fija 00799nam a2200217 a 4500
001 - NÚMERO DE CONTROL
campo de control 000020812
005 - FECHA Y HORA DE LA ÚLTIMA TRANSACCIÓN
campo de control 20200930011153.0
008 - DATOS DE LONGITUD FIJA--INFORMACIÓN GENERAL
campo de control de longitud fija 100817r19591961mx 000 0 eng d
040 ## - FUENTE DE LA CATALOGACIÓN
Centro catalogador/agencia de origen DO-SdBNP
Lengua de catalogación spa
Centro/agencia transcriptor BPJMB
082 ## - NÚMERO DE LA CLASIFICACIÓN DECIMAL DEWEY
Número de clasificación 428.24
Número de documento/Ítem C323e, 1959
100 1# - ENTRADA PRINCIPAL--NOMBRE DE PERSONA
Nombre de persona Carter, James Patrick,
9 (RLIN) 43636
245 10 - MENCIÓN DE TÍTULO
Título English :
Resto del título american english course /
Mención de responsabilidad, etc. James Patrick Carter, Jane Griswold.
250 ## - MENCIÓN DE EDICIÓN
Mención de edición 2a ed. rev. y modificada.
260 ## - PUBLICACIÓN, DISTRIBUCIÓN, ETC.
Lugar de publicación, distribución, etc. México :
Nombre del editor, distribuidor, etc. Instituto Mexicano Norteamericano de Relaciones Culturales,
Fecha de publicación, distribución, etc. 1959.
300 ## - DESCRIPCIÓN FÍSICA
Extensión v ;
Dimensiones 22 cm.
650 #4 - PUNTO DE ACCESO ADICIONAL DE MATERIA--TÉRMINO DE MATERIA
Término de materia o nombre geográfico como elemento de entrada Inglés
Subdivisión general Gramática
9 (RLIN) 3822
650 #4 - PUNTO DE ACCESO ADICIONAL DE MATERIA--TÉRMINO DE MATERIA
Término de materia o nombre geográfico como elemento de entrada Inglés
Subdivisión general Ejercicios de redacción
9 (RLIN) 3823
650 #4 - PUNTO DE ACCESO ADICIONAL DE MATERIA--TÉRMINO DE MATERIA
Término de materia o nombre geográfico como elemento de entrada Lingüística
Subdivisión geográfica Estados Unidos
Subdivisión general Gramática
9 (RLIN) 3824
650 #4 - PUNTO DE ACCESO ADICIONAL DE MATERIA--TÉRMINO DE MATERIA
Término de materia o nombre geográfico como elemento de entrada Lingüística
Subdivisión general Problemas, ejercicios, etc.
9 (RLIN) 3825
700 1# - PUNTO DE ACCESO ADICIONAL--NOMBRE DE PERSONA
Nombre de persona Griswold, Jane,
9 (RLIN) 43637

No items available.

Powered by Koha